000 01015nam a2200265 a 4500
001 16219
003 CO-ViMGA
008 141112s2004 ck r 000 u spa d
020 _a9581500391
040 _aCO-ViMGA
_bspa
_cCO-ViMGA
082 0 4 _a634 D419c
100 1 _aDiaz Ríos, Luz Berania
_923184
110 _aSena - Colombia;Natural Resources Institute;DFID
_923185
245 1 0 _aContratos y otras formas de concertación en frutas y hortalizas
260 _aArmenia (Quindío) :
_bSena,
_c1999
300 _a200.p.il.
490 _aSerie de paquetes de capacitación
500 _aContiene CD - ROM.
505 _aLa contratación en le sector hortifrutícola Cuándo es apropiado contratar Tipos de contratos y su aplicación Pasos para lograr concertación Mecanismos para la resolución de conflictos
590 _aForma de adquisición : Premio - Mincultura
650 1 4 _aCOMERCIALIZACION DE FRUTAS Y HORTALIZAS
_923186
650 1 4 _aFRUTAS
_95921
650 1 4 _aHORTALIZAS
942 _2ddc
_cBK
999 _c26131
_d26131